00329nam a2200121 a 4500008004100000020001500041050001600056100001800072245003500090260005000125300002300175350000900198120416s0000 ||||||||||||||||| || u a0712106405 aHF 5635 Jon aJones, Graham10aFinancial practice and control aEastover, [Plymouth]bMacDonald & Evansc1982 aviii, 148p. : ill. a0.00